| 000 | 02032 a2200217 4500 | ||
|---|---|---|---|
| 001 | 3345 | ||
| 005 | 20260407155427.0 | ||
| 008 | 260407a1997 arg spa d | ||
| 003 | AR-UNSa-BCEJYS | ||
| 040 |
_aAR-UNSa-BCEJYS _bspa _cAR-UNSa-BCEJYS |
||
| 080 |
_a347.7 _xDerecho Mercantil. Derecho Comercial |
||
| 245 | 1 | 0 | _aDerecho comercial argentino |
| 020 | _a950-572-042-4 | ||
| 264 | 1 |
_aBuenos Aires : _bVíctor P. de Zavalía _c1997 |
|
| 300 |
_a2 v. (629, 164 p.) _c23 cm. |
||
| 505 | _aVol. 1: 1. Concepto, ubicación y métodos del derecho mercantil - 2. Fuentes del derecho mercantil - 3. Interpretación y aplicación de la ley mercantil - 4. La materia de comercio - 5. La materia de comercio (continuación) - 6. La materia de comercio (continuación) - 7. La materia de comercio (continuación) - 8. La materia de comercio (continuación) - 9. La materia de comercio (continuación) - 10. La materia de comercio (continuación) - 11. Las relaciones jurídicas mercantiles - 12. Los sujetos de las relaciones jurídicas mercantiles - 13. Obligaciones comunes a los comerciantes - 14. Obligaciones comunes a los comerciantes (continuación) - 15. Obligaciones comunes a los comerciantes (continuación) - 16. Derechos de los comerciantes - 17. Bolsas y mercados de comercio - 18. Agentes auxiliares de comercio - 19. Teoría general de la representación - 20. Agentes auxiliares subordinados - 21. Agentes auxiliares autónomos - 22. Agentes auxiliares autónomos (continuación) - 23. La prescripción mercantil - Vol. 2: 1. Conceptos generales - 2. Formación de los contratos - 3. Aspectos precontractuales. Repercusión sobre terceros - 4. Forma y prueba. Nulidad y conversión. Resolución. Mora. Solidaridad - 5. Clasificación, interpretación e integración de los contratos comerciales | ||
| 942 | _cBK | ||
| 590 | _aniveau_biblio:m niveau_hierar:0 | ||
| 100 | 1 | _aFontanarrosa, Rodolfo O. | |
| 856 | 4 | 1 |
_uhttps://biblioeco.unsa.edu.ar/pmb/images/libros/Derecho Comercial Argentino.jpg _yImagen de portada _qimage/jpeg |
| 999 |
_c314 _d314 |
||